Sports Quiz

Random Sports or French Quiz

French tennis players in the WTA top 50 since 1975 Quiz Stats

Quiz not verified by Sporcle

Score 0/28 Timer 05:00
0 Plays Today
Hint Answer % Correct
1 (sept. 2004)Amélie Mauresmo
99%
3 (jan. 1995)Mary Pierce
96.2%
7 (jan. 2012)Marion Bartoli
96%
11 (feb. 2009)Alizé Cornet
91.7%
7 (jan. 2018)Caroline Garcia
90.5%
3 (may 2000)Nathalie Tauziat
87.9%
10 (oct. 2017)Kristina Mladenovic
84.3%
16 (sept. 2009)Virginie Razzano
80.2%
9 (feb. 2000)Sandrine Testud
79.4%
11 (jan. 2006)Nathalie Dechy
79.2%
7 (feb. 2000)Julie Halard-Decugis
76.2%
12 (feb. 2008)Tatiana Golovin
74.2%
15 (oct. 2010)Aravane Rezaï
73.8%
40 (jul. 2008)Pauline Parmentier
73%
Hint Answer % Correct
46 (june 2017)Océane Dodin
71%
27 (apr. 2004)Émilie Loit
59.3%
9 (mar. 1975)Françoise Dürr
55.8%
34 (feb. 2007)Séverine Beltrame
51.2%
29 (nov. 1999)Sarah Pitkowski
46.2%
37 (oct. 1998)Alexandra Fusai
46%
24 (aug. 2000)Anne-Gaëlle Sidot
45%
46 (aug. 1992)Alexia Dechaume-Balleret
44.6%
20 (sept. 1984)Catherine Tanvier
43.5%
35 (may 1988)Isabelle Demongeot
42.5%
20 (nov. 1988)Pascale Paradis-Mangon
41.7%
45 (nov. 1991)Karine Quentrec
37.3%
42 (dec. 1986)Nathalie Herreman
36.5%
36 (aug. 1978)Brigitte Simon
36.3%

You're not logged in!

Compare scores with friends on all Sporcle quizzes.
Sign Up with Email
OR
Log In

You Might Also Like...

Show Comments

Extras

Top Quizzes Today


Score Distribution

Your Account Isn't Verified!

In order to create a playlist on Sporcle, you need to verify the email address you used during registration. Go to your Sporcle Settings to finish the process.

Report this User

Report this user for behavior that violates our Community Guidelines.

Details: